Graphite intercalation compounds II : (Record no. 9311)

MARC details
000 -LEADER
fixed length control field 01219nac a22003371i 4500
003 - CONTROL NUMBER IDENTIFIER
control field EG-ScBUE
005 - DATE AND TIME OF LATEST TRANSACTION
control field 20250720104709.0
008 - FIXED-LENGTH DATA ELEMENTS--GENERAL INFORMATION
fixed length control field 250709t1992 gw a f b 001 0 eng d
020 ## - INTERNATIONAL STANDARD BOOK NUMBER
International Standard Book Number 3540539212
020 ## - INTERNATIONAL STANDARD BOOK NUMBER
International Standard Book Number 0387539212
040 ## - CATALOGING SOURCE
Original cataloging agency EG-ScBUE
Language of cataloging eng
Description conventions rda
Transcribing agency EG-ScBUE
Modifying agency EG-ScBUE
082 04 - DEWEY DECIMAL CLASSIFICATION NUMBER
Classification number 541.22
Item number GRA
Edition number 22
245 00 - TITLE STATEMENT
Title Graphite intercalation compounds II :
Remainder of title transport and electronic properties /
Statement of responsibility, etc H. Zabel, S. A. Solin, (eds.) ; with contributions by G. L. Doll [and eleven others]
246 30 - VARYING FORM OF TITLE
Title proper/short title Transport and electronic properties
264 #1 - PUBLICATION, DISTRIBUTION, ETC. (IMPRINT)
Place of publication, distribution, etc Berlin :
Name of publisher, distributor, etc Springer-Verlag,
Date of publication, distribution, etc [1992]
264 #4 - PUBLICATION, DISTRIBUTION, ETC. (IMPRINT)
Date of publication, distribution, etc c1992
300 ## - PHYSICAL DESCRIPTION
Extent xiv, 433 pages :
Other physical details illustrations ;
Dimensions 25 cm.
336 ## - CONTENT TYPE
Source rdacontent
Content type term text
Content type code txt
337 ## - MEDIA TYPE
Media type term unmediated
Source rdamedia
Media type code n
338 ## - CARRIER TYPE
Carrier type term volume
Carrier type code nc
Source rdacarrier
490 0# - SERIES STATEMENT
Series statement Springer series in materials science ;
Volume number/sequential designation 18
500 ## - GENERAL NOTE
General note With 216 figures.
504 ## - BIBLIOGRAPHY, ETC. NOTE
Bibliography, etc Includes bibliographical references and index.
650 #7 - SUBJECT ADDED ENTRY--TOPICAL TERM
Topical term or geographic name as entry element Clathrate compounds.
Source of heading or term BUEsh
650 #7 - SUBJECT ADDED ENTRY--TOPICAL TERM
Topical term or geographic name as entry element Graphite.
Source of heading or term BUEsh
655 ## - INDEX TERM--GENRE/FORM
Form subdivision Reading book
700 1# - ADDED ENTRY--PERSONAL NAME
Personal name Zabel, H.
Fuller form of name (Hartmut),
Dates associated with a name 1946-
Relator term editor.
700 1# - ADDED ENTRY--PERSONAL NAME
Personal name Solin, S. A.
Fuller form of name (Stuart A.),
Dates associated with a name 1942-
Relator term editor.
700 1# - ADDED ENTRY--PERSONAL NAME
Personal name Doll, G. L.,
Relator term contributor.
942 ## - ADDED ENTRY ELEMENTS (KOHA)
Koha item type Book - Borrowing
Source of classification or shelving scheme Dewey Decimal Classification
Holdings
Withdrawn status Lost status Source of classification or shelving scheme Damaged status Not for loan Collection code Home library Current library Shelving location Date acquired Source of acquisition Total Checkouts Full call number Barcode Date last seen Cost, replacement price Koha item type
    Dewey Decimal Classification     Alahram Central Library Central Library First floor 30/04/2008 Purchase   541.22 GRA 000011232 15/07/2025 313.50 Book - Borrowing